000 00510nam a2200169Ia 4500
005 20250508151025.0
008 008 250505s9999 xx 000 0 eng d
037 _aTextual
040 _aFEDL
_beng
_cFEDL
041 _aeng
_2eng
084 _a372.2412, GRE
_qFEDL
245 0 _aHealth and the nursery school
260 _aLondon, UK
_bNursery School Association of Great Britain and Northern Ireland
_c1949
300 _a16p.
942 _cTEXL
_h372.2412, GRE
999 _c1327121
_d1327121